000 01121nam0a2200337 i 4500
001 RU\NLR\BIBL_A\010983472
005 20241103095056.0
010 _a9785699853335
_91000
021 _aRU
_b2016-7312
_9467
035 _a(NILC)RuMoRGB-008132921
035 _a(NLR Aleph) 010983472
090 _a10887126
_c10887126
100 _a20160218d2016 m y0rusy50 ca
101 0 _arus
102 _aRU
105 _aac z 000yy
200 1 _aШтурмовик "Корсар" II
_eот Вьетнамской войны до "Бури в пустыне"
_fИгорь Величко
210 _aМосква
_cЯуза
_cЭ
_d2016
215 _a143 с.
_cил., портр.
_d26
225 1 _aВойна и мы
_iАвиаколлекция
333 _a18+
606 _aCorsair II, штурмовики палубные
_92275157
_3RU\NLR\AUTH\6601592077
675 _a623
686 _aЦ651.123
686 _aЦ651.111.4
700 1 _aВеличко
_bИ. И.
_gИгорь Иванович
801 0 _aRU
_bРГБ
_c20160202
_gRCR
942 _cBOOK
980 _aNBR